Marketingová koncepcia pre expanziu MSP na európsky trh

Hlavné predpoklady úspešnosti malej firmy a marketingová orientácia. Presadenie sa v konkurenčnom prostredí európskeho trhu. Kooperačné a integračné vzťahy v rámci celej EÚ. Marketingový výskum zahraničného trhu.

Na minha lista:
Detalhes bibliográficos
Autor principal: Čihovská, Viera
Outros Autores: Hvizdová, Eva, ml
Formato: Capítulo de Livro
Idioma:eslovaco
Assuntos:
Tags: Adicionar Tag
Sem tags, seja o primeiro a adicionar uma tag!

MARC

LEADER 00000nla$a2200000$$$4500
001 0129215
005 20240502072501.5
041 0 |a slo 
044 |a SK 
245 1 0 |a Marketingová koncepcia pre expanziu MSP na európsky trh  |c Viera Čihovská, Eva Hvizdová 
520 |a Hlavné predpoklady úspešnosti malej firmy a marketingová orientácia. Presadenie sa v konkurenčnom prostredí európskeho trhu. Kooperačné a integračné vzťahy v rámci celej EÚ. Marketingový výskum zahraničného trhu. 
610 2 0 |a marketing 
610 2 0 |a stratégia marketingová 
610 2 0 |a stratégia obchodná 
610 2 0 |a podnikanie stredné 
610 2 0 |a podnikanie malé 
610 2 0 |a segmentácia trhu 
610 2 0 |a Európa 
610 2 0 |a trh zahraničný 
610 2 0 |a konkurencieschopnosť 
610 2 0 |a kooperácia 
100 1 |a Čihovská, Viera 
700 1 |a Hvizdová, Eva, ml.